000 00472nam a2200193Ia 4500
005 20240823012741.0
008 240823s9999||||xx |||||||||||||| ||und||
020 _a81-7853-047-3
041 _aENGLISH
082 _A005.133 P3
100 _a"Balena,Francesco"
245 0 _aProgramming Microsoft Visual basic 6.0
250 _a1st
260 _c2003
_bW
500 _aTRANSFERED
650 _aProgramming
_bComputer Applications
942 _cBK
999 _c165296
_d165296